00998 a2200217 4500020001500000040001300015082001300028100002200041245005400063250000600117260004500123300003600168500005000204650002700254700002400281942002600305999001500331952014900346952014000495952014500635 a007123201X aDLCbDLC a621.3824 aJohn Daniel Kraus aAntennas for all applicationscKraus, John Daniel a3 aNew Delhi :b McGraw-Hill Book Coc2002. axviii, 938 p. :bill. ;c24 cm. aIncludes bibliographical references and index aAntennas (Electronics) aMarhefka, Ronald J. cBKk621.3824 KRA2ddc c4663d4663 001040708NFICaCLbCLcGENd2003-12-04eAllied Book Companyg1152.58l1m4o621.3824 KRApSEECS003981r2022-09-23s2022-01-24w2017-01-05yBK 001040708NFICaCLbCLcGENd2004-04-26eVanguard Booksg505.75l1o621.3824 KRApSEECS004401r2024-03-20s2021-03-02w2017-01-05yBK 001040708NFICaCLbCLcGENd2007-03-27eAllied Book Companyg424.36l6o621.3824 KRApSEECS008269r2016-04-26s2016-04-26w2017-01-05yBK